|
ห้องสมุด วิทยาลัยพยาบาลบรมราชชนนี อุดรธานี
Boromarajonani College of Nursing, Udonthani
|


|
mysqli: Table './ulib2015/stat_globaluid' is marked as crashed and last (automatic?) repair failed
select id from stat_globaluid where statuid='20260418085112_1744'
mysqli: Table './ulib2015/stat_globaluid' is marked as crashed and last (automatic?) repair failed
DELETE FROM stat_globaluid
WHERE id NOT IN (
SELECT id
FROM (
SELECT id
FROM stat_globaluid
ORDER BY id DESC
LIMIT 100
) foo
);
mysqli: Table './ulib2015/stat_globaluid' is marked as crashed and last (automatic?) repair failed
insert into stat_globaluid set
statuid='20260418085112_1744',
dt='1776477072',
phpself='/ULIB/dublinfull.php',
agent='Mozilla/5.0 AppleWebKit/537.36 (KHTML, like Gecko; compatible; ClaudeBot/1.0; +claudebot@anthropic.com)',
yea='2026',
mon='4',
dat='18',
ip='216.73.216.142'
| LEADER 00674nam 2200229 a 4500 |
| 001 11055 |
| 003 ULIBM |
| 008 200611sมปป. th m a001 0 tha d |
| 050 4 ^aWQ179^bพ124ค มปป
|
| 245 10 ^aคู่มือการดูแลบำบัดก่อนและหลังผ่าตัด/^cพงศ์เทพย์ สิงหะพันธุ
|
| 250 ^aพิมพ์ครั้งที่ 1
|
| 260 ^aกรุงเทพฯ:^bมปท,^cมปป
|
| 300 ^a 133 หน้า.
|
| 650 7 ^aการดูแลหลังผ่าตัด
|
| 945 ^p0^l0^i1188
|
| 945 ^p0^l0^i1189
|
| 945 ^p0^l0^i1190 |
| 999 ^aลิขิตลักษณ์
|
| คุณยังไม่ได้ล็อกอิน คุณสามารถมีกิจกรรมร่วมกับเว็บไซต์ได้ แต่ต้องล็อกอินก่อน :: |
|
| ลำดับที่ |
ประเภท |
เลขเรียก/บาร์โค้ด |
สถานที่ |
สถานะ |
| 1. |
 หนังสือการพยาบาล | WQ179 พ124ค มปป Barcode: 1188 | หนังสือทั่วไป | On Shelf |
| 2. |
 หนังสือการพยาบาล | WQ179 พ124ค มปป ฉ.2 Barcode: 1189 | หนังสือทั่วไป | On Shelf |
| 3. |
 หนังสือการพยาบาล | WQ179 พ124ค มปป ฉ.3 Barcode: 1190 | หนังสือทั่วไป | On Shelf |
| [แสดง 3/3 รายการ] |
mysqli: Can't create/write to file '/var/tmp/#sql_59d_0.MAI' (Errcode: 2)
select * from index_db where titl like '%คู่มือการดูแลบำบัดก่อนและหลังผ่าตัด/ พงศ์เทพย์ สิงหะพันธุ%' and mid<>'11055' order by rand() limit 3
mysqli: Can't create/write to file '/var/tmp/#sql_59d_0.MAI' (Errcode: 2)
select * from index_db where subj like '%การดูแลหลังผ่าตัด%' and mid<>'11055' order by rand() limit 3
|
ยังไม่เคยถูกคอมเมนท์
|
| คอมเมนท์ทรัพยากรรายการนี้ |
|